header

The end of ethics and a way back (Record no. 59296)

MARC details
000 -LEADER
fixed length control field 01406nam a2200337 a 4500
082 04 - DEWEY DECIMAL CLASSIFICATION NUMBER
Classification number 174.4
100 1# - MAIN ENTRY--AUTHOR NAME
Personal name Malloch, Theodore Roosevelt.
245 14 - TITLE STATEMENT
Title The end of ethics and a way back
260 ## - PUBLICATION, DISTRIBUTION, ETC. (IMPRINT)
Place of publication Singapore :
Name of publisher Wiley,
Year of publication 2013.
300 ## - PHYSICAL DESCRIPTION
Number of Pages xlviii, 253 p.
505 0# - FORMATTED CONTENTS NOTE
Formatted contents note pt. 1. Economic vice -- pt. 2. Recommendations.
650 #0 - SUBJECT ADDED ENTRY--TOPICAL TERM
Topical Term Financial services industry
Topical Term Financial services industry
Topical Term Business ethics.
700 1# - ADDED ENTRY--PERSONAL NAME
Personal name Mamorsky, Jordan D.
856 40 - ELECTRONIC LOCATION AND ACCESS
Uniform Resource Identifier http://site.ebrary.com/lib/rucke/Doc?id=10677729

No items available.

© 2026 Rongo University
Contact us: librarian | system librarian | Rongo university